[Event "Titled Tuesday intern op 11th Mar Late"]
[Site "Chess.com INT"]
[Date "2025.03.11"]
[Round "3"]
[White "Egorov, Konstantin"]
[Black "Altini, Nicola"]
[Result "0-1"]
[WhiteElo "2081"]
[BlackElo "2350"]
[PlyCount "82"]
[EventDate "2025.03.11"]
[EventType "swiss (blitz)"]
[EventRounds "11"]
[EventCountry "USA"]
[SourceTitle "CB12_2025"]
[SourceDate "2025.03.19"]
[SourceVersion "1"]
[SourceVersionDate "2025.03.19"]
[SourceQuality "1"]

1. Nf3 d5 2. g3 Nd7 3. Bg2 e5 4. d3 Ngf6 5. 0-0 Bd6 6. c4 c6 7. cxd5 cxd5 8. b3 0-0 9. Bb2 Qe7 10. Nbd2 b6 11. Nh4 g6 12. Nc4 Bb7 13. Nxd6 Qxd6 14. a4 Rfe8 15. Rc1 a5 16. Rc2 Rac8 17. Rxc8 Rxc8 18. Qa1 Bc6 19. Rc1 d4 20. Ba3 Nc5 21. Bxc5 bxc5 22. Qa3 Bxg2 23. Nxg2 Nd5 24. Rc4 Nc3 25. Kf1 f5 26. Qc1 Rb8 27. Rxc3 dxc3 28. Qxc3 Qd4 29. Qxa5 Rxb3 30. Ne3 e4 31. Qa8+ Kg7 32. dxe4 Rb1+ 33. Kg2 Qxe4+ 34. Qxe4 fxe4 35. Nd5 Ra1 36. Nc3 e3 37. fxe3 c4 38. Kf3 Ra3 39. Ne4 c3 40. Nf2 c2 41. Nd3 Rxd3 0-1

[Event "Titled Tuesday intern op 11th Mar Late"]
[Site "Chess.com INT"]
[Date "2025.03.11"]
[Round "5"]
[White "Egorov, Konstantin"]
[Black "Ge, William"]
[Result "0-1"]
[WhiteElo "2081"]
[BlackElo "2205"]
[PlyCount "118"]
[EventDate "2025.03.11"]
[EventType "swiss (blitz)"]
[EventRounds "11"]
[EventCountry "USA"]
[SourceTitle "CB12_2025"]
[SourceDate "2025.03.19"]
[SourceVersion "1"]
[SourceVersionDate "2025.03.19"]
[SourceQuality "1"]

1. Nf3 d5 2. g3 Nf6 3. Bg2 e6 4. 0-0 Be7 5. b3 0-0 6. Bb2 b6 7. c4 Bb7 8. cxd5 Bxd5 9. d3 c5 10. Ne1 Bxg2 11. Nxg2 Nc6 12. Nc3 Nd5 13. Nxd5 exd5 14. Ne3 d4 15. Ng2 Bf6 16. a3 Qd6 17. Qc2 Rac8 18. Rad1 Rfd8 19. e3 dxe3 20. fxe3 Bxb2 21. Qxb2 Qe5 22. Qf2 Qe6 23. d4 cxd4 24. exd4 Rd5 25. Nf4 Qd7 26. Nxd5 Qxd5 27. Rc1 Rd8 28. Rcd1 Nxd4 29. Rfe1 h6 30. Rd3 Ne2+ 31. Rxe2 Qxd3 32. Re3 Qd1+ 33. Kg2 Rd2 34. Rf3 Rxf2+ 35. Rxf2 Qxb3 36. Rf3 Qb2+ 37. Kh3 a5 38. a4 Qb4 39. Rf4 Qb3 40. Re4 b5 41. axb5 Qxb5 42. Kg4 g6 43. Kf3 Qf1+ 44. Ke3 a4 45. Rf4 Qe1+ 46. Kf3 Qd1+ 47. Kg2 Qb3 48. Rf2 a3 49. Rf3 Qb2+ 50. Rf2 Qxf2+ 51. Kxf2 a2 52. Kf3 a1Q 53. Kg2 Qa2+ 54. Kh3 g5 55. g4 Qb3+ 56. Kg2 Qc2+ 57. Kg3 Qd3+ 58. Kg2 Qe2+ 59. Kh3 Qf3# 0-1

[Event "Titled Tuesday intern op 27th Aug Early"]
[Site "Chess.com INT"]
[Date "2024.08.27"]
[Round "5"]
[White "Egorov, Konstantin"]
[Black "Otero Marino, Alain"]
[Result "0-1"]
[WhiteElo "2081"]
[BlackElo "2293"]
[PlyCount "58"]
[EventDate "2024.08.27"]
[EventType "swiss (blitz)"]
[EventRounds "11"]
[EventCountry "USA"]
[SourceTitle "EXT 2025"]
[Source "ChessBase"]
[SourceDate "2024.10.14"]
[SourceVersion "1"]
[SourceVersionDate "2024.10.14"]
[SourceQuality "1"]

1. e4 e5 2. Nf3 Nc6 3. Nc3 Nf6 4. h3 Bb4 5. Nd5 Ba5 6. c3 d6 7. b4 Bb6 8. Qc2 Nxd5 9. exd5 Ne7 10. c4 c5 11. b5 f5 12. Bb2 Ng6 13. 0-0-0 0-0 14. g3 a6 15. Kb1 axb5 16. cxb5 e4 17. Qc3 Rf7 18. Nh4 Ba5 19. Qe3 f4 20. Qb3 Nxh4 21. gxh4 Qxh4 22. Rg1 Bf5 23. Ka1 Bd8 24. f3 Bf6 25. fxe4 Bxe4 26. Bg2 Bxg2 27. Rxg2 f3 28. Rg4 Qxh3 29. Rf4 Bxb2+ 0-1

[Event "Titled Tuesday intern op 27th Aug Early"]
[Site "Chess.com INT"]
[Date "2024.08.27"]
[Round "4"]
[White "Sriram, Sarja"]
[Black "Egorov, Konstantin"]
[Result "0-1"]
[WhiteElo "2145"]
[BlackElo "2081"]
[PlyCount "38"]
[EventDate "2024.08.27"]
[EventType "swiss (blitz)"]
[EventRounds "11"]
[EventCountry "USA"]
[SourceTitle "EXT 2025"]
[Source "ChessBase"]
[SourceDate "2024.10.14"]
[SourceVersion "1"]
[SourceVersionDate "2024.10.14"]
[SourceQuality "1"]

1. Nf3 e6 2. c4 Nf6 3. Nc3 Bb4 4. g3 0-0 5. Bg2 Bxc3 6. bxc3 d6 7. 0-0 b6 8. d3 Bb7 9. e4 d5 10. cxd5 exd5 11. e5 Nfd7 12. Re1 c5 13. e6 fxe6 14. Rxe6 Na6 15. Bg5 Nf6 16. Qd2 d4 17. Rae1 dxc3 18. Qxc3 Nb4 19. Qe5 Nxd3 0-1

[Event "Titled Tuesday intern op 27th Aug Early"]
[Site "Chess.com INT"]
[Date "2024.08.27"]
[Round "1"]
[White "Tomb, Maroun"]
[Black "Egorov, Konstantin"]
[Result "0-1"]
[WhiteElo "2090"]
[BlackElo "2081"]
[PlyCount "84"]
[EventDate "2024.08.27"]
[EventType "swiss (blitz)"]
[EventRounds "11"]
[EventCountry "USA"]
[SourceTitle "EXT 2025"]
[Source "ChessBase"]
[SourceDate "2024.10.14"]
[SourceVersion "1"]
[SourceVersionDate "2024.10.14"]
[SourceQuality "1"]

1. e4 e6 2. d4 d5 3. Nd2 dxe4 4. Nxe4 Bd7 5. Nf3 Bc6 6. Bd3 Nd7 7. Ned2 g6 8. Nc4 Bg7 9. c3 Bxf3 10. Qxf3 Rb8 11. h4 h6 12. Qg3 Ngf6 13. h5 g5 14. Bf4 Nd5 15. Be5 Nxe5 16. Nxe5 Nf4 17. Rd1 0-0 18. Bc2 Qe7 19. Qf3 c5 20. g3 Nd5 21. dxc5 Bxe5 22. Qe4 Bxc3+ 23. bxc3 Nf6 24. Qe5 Rbc8 25. Rd6 Rfd8 26. f4 Ne8 27. Qe4 Nf6 28. Qd4 Nd5 29. Qd3 f5 30. Rh2 Rxd6 31. cxd6 Qxd6 32. c4 Qb4+ 33. Rd2 Qxc4 34. Qxc4 Rxc4 35. Bb3 Re4+ 36. Kf2 gxf4 37. Rxd5 exd5 38. Bxd5+ Kg7 39. Bxe4 fxe4 40. gxf4 Kf6 41. Ke3 Kf5 42. a3 b5 0-1

[Event "Titled Tuesday intern op 20th Aug Late"]
[Site "Chess.com INT"]
[Date "2024.08.20"]
[Round "7"]
[White "Egorov, Konstantin"]
[Black "Belov, Alexei"]
[Result "0-1"]
[WhiteElo "2081"]
[BlackElo "2421"]
[PlyCount "130"]
[EventDate "2024.08.20"]
[EventType "swiss (blitz)"]
[EventRounds "11"]
[EventCountry "USA"]
[SourceTitle "EXT 2025"]
[Source "ChessBase"]
[SourceDate "2024.10.14"]
[SourceVersion "1"]
[SourceVersionDate "2024.10.14"]
[SourceQuality "1"]

1. b3 d5 2. Bb2 e6 3. Nf3 Nf6 4. e3 Be7 5. c4 0-0 6. Be2 c5 7. 0-0 dxc4 8. Bxc4 Nc6 9. d4 cxd4 10. Nxd4 Bd7 11. Nd2 Nxd4 12. Bxd4 Bc6 13. Nf3 Qa5 14. Ne5 Bd5 15. Qe2 Rfd8 16. Rad1 Rac8 17. Qb2 b5 18. Be2 Ne4 19. Bf3 f6 20. Bxe4 Bxe4 21. Nf3 Bxf3 22. gxf3 e5 23. Bxe5 fxe5 24. Qxe5 Bf6 25. Qe6+ Kh8 26. Rc1 Rxc1 27. Rxc1 h6 28. Rc8 Rxc8 29. Qxc8+ Qd8 30. Qf5 a6 31. Qe6 a5 32. Qa6 b4 33. Qc4 Bc3 34. f4 Qd1+ 35. Kg2 Qg4+ 36. Kf1 Qh3+ 37. Ke2 Qg4+ 38. Kf1 Qd1+ 39. Kg2 Qd7 40. Qc5 a4 41. bxa4 Qxa4 42. Qc8+ Kh7 43. Qf5+ Kg8 44. Qd5+ Kf8 45. Qd8+ Qe8 46. Qd6+ Qe7 47. Qb8+ Kf7 48. Qb5 Qe6 49. Qb7+ Kf6 50. Qa7 Qe4+ 51. Kf1 Kg6 52. Qa6+ Kh7 53. Qa7 Qh1+ 54. Ke2 Qxh2 55. a3 Qh5+ 56. Kf1 Qb5+ 57. Kg2 b3 58. a4 Qd5+ 59. Kg3 b2 60. Qb6 Qd3 61. f5 Qxf5 62. a5 b1Q 63. Qxb1 Qxb1 64. a6 Qa2 65. a7 Qxa7 0-1

[Event "Titled Tuesday intern op 20th Aug Late"]
[Site "Chess.com INT"]
[Date "2024.08.20"]
[Round "3"]
[White "Egorov, Konstantin"]
[Black "Ghimoyan, Narek"]
[Result "0-1"]
[WhiteElo "2081"]
[BlackElo "2177"]
[PlyCount "132"]
[EventDate "2024.08.20"]
[EventType "swiss (blitz)"]
[EventRounds "11"]
[EventCountry "USA"]
[SourceTitle "EXT 2025"]
[Source "ChessBase"]
[SourceDate "2024.10.14"]
[SourceVersion "1"]
[SourceVersionDate "2024.10.14"]
[SourceQuality "1"]

1. b3 d5 2. Bb2 Nf6 3. Nf3 Bf5 4. e3 e6 5. c4 c6 6. d3 h6 7. cxd5 exd5 8. Nbd2 Nbd7 9. Be2 Bh7 10. 0-0 Be7 11. Rc1 0-0 12. Re1 a5 13. a3 Re8 14. Bf1 Bd6 15. e4 dxe4 16. dxe4 Ne5 17. Nc4 Nxc4 18. Bxc4 Bxe4 19. Bc3 Nd5 20. Bxd5 Bxd5 21. Qd4 Bf8 22. Rxe8 Qxe8 23. Re1 Qd8 24. b4 axb4 25. axb4 Bxf3 26. Qxd8 Rxd8 27. gxf3 Rd3 28. Re3 Rxe3 29. fxe3 f6 30. Kf2 Kf7 31. Ke2 Ke6 32. Kd3 g5 33. Kc4 Bd6 34. h3 b5+ 35. Kd3 Be5 36. Bd2 f5 37. e4 fxe4+ 38. Kxe4 Bd6 39. Bc3 c5 40. bxc5 Bxc5 41. Bd2 Be7 42. f4 gxf4 43. Bxf4 h5 44. Bd2 Bc5 45. Kf4 Kf6 46. Kg3 Kg6 47. Kg2 Kf5 48. Kg3 Be7 49. Kf3 Bf6 50. Kg2 Ke4 51. Ba5 Kd3 52. Kg3 Bc3 53. Bb6 b4 54. Bc5 b3 55. Ba3 Kc2 56. Kh4 Bb4 57. Bxb4 b2 58. Kxh5 b1Q 59. Be7 Kd3 60. Bg5 Ke4 61. h4 Kf5 62. Kh6 Qb6+ 63. Kg7 Qg6+ 64. Kh8 Ke6 65. Bf4 Kf7 66. Be5 Qg8# 0-1

[Event "Titled Tuesday intern op 20th Aug Late"]
[Site "Chess.com INT"]
[Date "2024.08.20"]
[Round "6"]
[White "Egorov, Konstantin"]
[Black "Gulamali, Kazim"]
[Result "1-0"]
[WhiteElo "2081"]
[BlackElo "2216"]
[PlyCount "57"]
[EventDate "2024.08.20"]
[EventType "swiss (blitz)"]
[EventRounds "11"]
[EventCountry "USA"]
[SourceTitle "EXT 2025"]
[Source "ChessBase"]
[SourceDate "2024.10.14"]
[SourceVersion "1"]
[SourceVersionDate "2024.10.14"]
[SourceQuality "1"]

1. e4 c5 2. Nf3 e6 3. c3 Nf6 4. Bd3 d5 5. exd5 Qxd5 6. Bc2 Nc6 7. 0-0 Be7 8. Na3 a6 9. d4 cxd4 10. Nxd4 Nxd4 11. cxd4 b5 12. Bb3 Qd7 13. Bg5 Bb7 14. Nc2 0-0 15. a4 Rfd8 16. Qe2 h6 17. Bxf6 Bxf6 18. Rfd1 Qc6 19. f3 Qb6 20. a5 Qa7 21. Qf2 Rd6 22. Kh1 Rad8 23. Rac1 Bxd4 24. Nxd4 Rxd4 25. Rxd4 Qxd4 26. Qxd4 Rxd4 27. Rc7 Bd5 28. Bc2 Rb4 29. Rc8# 1-0

[Event "Titled Tuesday intern op 20th Aug Late"]
[Site "Chess.com INT"]
[Date "2024.08.20"]
[Round "9"]
[White "Egorov, Konstantin"]
[Black "Hajiyev, Kanan"]
[Result "1-0"]
[WhiteElo "2081"]
[BlackElo "2109"]
[PlyCount "59"]
[EventDate "2024.08.20"]
[EventType "swiss (blitz)"]
[EventRounds "11"]
[EventCountry "USA"]
[SourceTitle "EXT 2025"]
[Source "ChessBase"]
[SourceDate "2024.10.14"]
[SourceVersion "1"]
[SourceVersionDate "2024.10.14"]
[SourceQuality "1"]

1. e4 a6 2. d4 c6 3. c4 d5 4. exd5 cxd5 5. Nc3 Nf6 6. Nf3 e6 7. cxd5 Nxd5 8. Bd3 Be7 9. 0-0 Nc6 10. Be4 Nf6 11. Bg5 Nxe4 12. Nxe4 Bxg5 13. Nexg5 h6 14. Nh3 g5 15. Ne5 Bd7 16. Qh5 Nxe5 17. dxe5 Qc7 18. Nxg5 0-0-0 19. Ne4 Bc6 20. Nd6+ Kb8 21. Rad1 f6 22. Rfe1 Rhg8 23. g3 Rg5 24. Qxh6 Rxe5 25. Rxe5 Rxd6 26. Qf8+ Ka7 27. Qxd6 Qxd6 28. Rxd6 fxe5 29. Rxe6 Kb6 30. Rxe5 1-0

[Event "Titled Tuesday intern op 20th Aug Early"]
[Site "Chess.com INT"]
[Date "2024.08.20"]
[Round "2"]
[White "Egorov, Konstantin"]
[Black "Joel Paul, Ganta"]
[Result "0-1"]
[WhiteElo "2081"]
[BlackElo "2192"]
[PlyCount "70"]
[EventDate "2024.08.20"]
[EventType "swiss (blitz)"]
[EventRounds "11"]
[EventCountry "USA"]
[SourceTitle "EXT 2025"]
[Source "ChessBase"]
[SourceDate "2024.10.14"]
[SourceVersion "1"]
[SourceVersionDate "2024.10.14"]
[SourceQuality "1"]

1. b3 g6 2. Bb2 Nf6 3. Nf3 Bg7 4. e3 0-0 5. c4 b6 6. d4 Bb7 7. Nc3 d5 8. Bd3 dxc4 9. bxc4 e6 10. 0-0 c5 11. Rb1 Nc6 12. Ne2 Nb4 13. Ne5 Nxd3 14. Nxd3 Ne4 15. dxc5 Bxb2 16. Rxb2 Qg5 17. Ng3 Nxc5 18. Nxc5 Qxc5 19. Qd4 Qc6 20. f3 Rfd8 21. Qg4 Kh8 22. Qf4 Rd7 23. h4 Qc7 24. Qf6+ Kg8 25. Ne4 Qd8 26. Qf4 f5 27. Ng5 Qf6 28. e4 Qxb2 29. Nxe6 Qd2 30. Qg3 fxe4 31. fxe4 Bxe4 32. Ng5 Bf5 33. h5 Qd4+ 34. Kh1 Qd3 35. Qe5 Qxf1+ 0-1

[Event "Titled Tuesday intern op 20th Aug Late"]
[Site "Chess.com INT"]
[Date "2024.08.20"]
[Round "10"]
[White "Egorov, Konstantin"]
[Black "Kuru, Atilla"]
[Result "0-1"]
[WhiteElo "2081"]
[BlackElo "2374"]
[PlyCount "70"]
[EventDate "2024.08.20"]
[EventType "swiss (blitz)"]
[EventRounds "11"]
[EventCountry "USA"]
[SourceTitle "EXT 2025"]
[Source "ChessBase"]
[SourceDate "2024.10.14"]
[SourceVersion "1"]
[SourceVersionDate "2024.10.14"]
[SourceQuality "1"]

1. e4 c5 2. Nf3 e6 3. c3 Nf6 4. Bd3 Nc6 5. Bc2 Qc7 6. 0-0 d5 7. exd5 Nxd5 8. d4 cxd4 9. Nxd4 a6 10. Re1 Be7 11. Nf5 exf5 12. Qxd5 Be6 13. Qf3 g6 14. Bf4 Bd6 15. Bxd6 Qxd6 16. Rd1 Qc7 17. Nd2 0-0 18. Nb3 Rad8 19. Qe3 f4 20. Qe2 Ne5 21. Rd4 f3 22. gxf3 Bc4 23. Qe3 Rde8 24. Qf4 Be2 25. Be4 f5 26. Bd5+ Kh8 27. Re1 Bxf3 28. Bxf3 Nxf3+ 29. Qxf3 Rxe1+ 30. Kg2 Qe7 31. Na5 Re4 32. Qd3 Rg4+ 33. Rxg4 fxg4 34. Qd4+ Qf6 35. Qe4 Qxf2+ 0-1

[Event "Titled Tuesday intern op 20th Aug Early"]
[Site "Chess.com INT"]
[Date "2024.08.20"]
[Round "3"]
[White "Krzesaj, Robert"]
[Black "Egorov, Konstantin"]
[Result "1-0"]
[WhiteElo "2391"]
[BlackElo "2081"]
[PlyCount "109"]
[EventDate "2024.08.20"]
[EventType "swiss (blitz)"]
[EventRounds "11"]
[EventCountry "USA"]
[SourceTitle "EXT 2025"]
[Source "ChessBase"]
[SourceDate "2024.10.14"]
[SourceVersion "1"]
[SourceVersionDate "2024.10.14"]
[SourceQuality "1"]

1. d4 e6 2. c4 Nf6 3. g3 Bb4+ 4. Nd2 0-0 5. Bg2 Qe7 6. Ngf3 d6 7. 0-0 e5 8. a3 Bxd2 9. Qxd2 e4 10. Ne1 Nc6 11. Nc2 d5 12. cxd5 Nxd5 13. b4 f5 14. b5 Nd8 15. a4 Qf6 16. e3 Be6 17. Ba3 Re8 18. Rfc1 Nf7 19. Nb4 Rac8 20. Nxd5 Bxd5 21. Rc5 c6 22. bxc6 Bxc6 23. Bb2 Qd6 24. Rac1 Bd7 25. Ba3 Rxc5 26. Bxc5 Qd5 27. a5 a6 28. Qb4 Rc8 29. Bf1 h6 30. Bc4 Qc6 31. Rb1 Rc7 32. Qb3 Be8 33. Be6 g6 34. Qb6 Qxb6 35. Rxb6 Bc6 36. Bd6 Rd7 37. Bxd7 Bxd7 38. Rxb7 Bb5 39. Be5 Bd3 40. Bf6 g5 41. d5 Nd6 42. Rg7+ Kf8 43. Rh7 Nc4 44. Bc3 f4 45. gxf4 gxf4 46. d6 Nxd6 47. Bb4 Kg8 48. Rxh6 fxe3 49. fxe3 Nf5 50. Rh3 Kf7 51. Bc5 Bb5 52. Rh8 Ng7 53. Bd4 Kg6 54. Rg8 Kh5 55. Rxg7 1-0

[Event "Titled Tuesday intern op 13th Aug Early"]
[Site "Chess.com INT"]
[Date "2024.08.13"]
[Round "6"]
[White "Nikulina, Alena"]
[Black "Egorov, Konstantin"]
[Result "1-0"]
[WhiteElo "1875"]
[BlackElo "2081"]
[PlyCount "141"]
[EventDate "2024.08.13"]
[EventType "swiss (blitz)"]
[EventRounds "11"]
[EventCountry "USA"]
[SourceTitle "EXT 2025"]
[Source "ChessBase"]
[SourceDate "2024.10.14"]
[SourceVersion "1"]
[SourceVersionDate "2024.10.14"]
[SourceQuality "1"]

1. e4 e6 2. d4 d5 3. exd5 exd5 4. c4 Nf6 5. Nc3 h6 6. Nf3 dxc4 7. Bxc4 Bd6 8. 0-0 0-0 9. Re1 Nbd7 10. Ne5 Nb6 11. Bb3 c6 12. a4 Nbd5 13. Qf3 Nxc3 14. bxc3 Bxe5 15. dxe5 Nd5 16. Ba3 Re8 17. Rad1 Qg5 18. Bxd5 cxd5 19. Qxd5 Be6 20. Qxb7 Rac8 21. Qxa7 Rxc3 22. Bc1 Qg6 23. Qd4 Rc2 24. a5 Ra2 25. Bd2 Rc8 26. Rc1 Rcc2 27. Rxc2 Qxc2 28. Bb4 Ra4 29. Qd8+ Kh7 30. Qd6 Ra2 31. Qd4 Qb3 32. h3 Rc2 33. Re3 Qb1+ 34. Kh2 Rc4 35. Qd3+ Qxd3 36. Rxd3 Rxb4 37. a6 Ra4 38. Rd6 Kg6 39. g4 Kg5 40. Kg3 Ra3+ 41. f3 Kg6 42. h4 h5 43. Kf4 Ra4+ 44. Kg3 hxg4 45. fxg4 Rxg4+ 46. Kf3 Ra4 47. Kg3 Kf5 48. h5 Kxe5 49. Rb6 Ra3+ 50. Kh4 Rh3+ 51. Kg5 f6+ 52. Kg6 Rg3+ 53. Kh7 Rg5 54. h6 Rh5 55. Rb5+ Bd5 56. a7 Rxh6+ 57. Kxg7 Rh5 58. Rxd5+ Kxd5 59. a8Q+ Ke5 60. Qa5+ Ke4 61. Qxh5 f5 62. Kf6 f4 63. Qf5+ Ke3 64. Kg5 f3 65. Qf4+ Ke2 66. Qe4+ Kf2 67. Kg4 Kg1 68. Qxf3 Kh2 69. Qf2+ Kh1 70. Qh4+ Kg1 71. Qh3 1-0

[Event "Titled Tuesday intern op 06th Aug Early"]
[Site "Chess.com INT"]
[Date "2024.08.06"]
[Round "10"]
[White "Baladjaev, Gara"]
[Black "Egorov, Konstantin"]
[Result "0-1"]
[WhiteElo "2404"]
[BlackElo "2081"]
[PlyCount "72"]
[EventDate "2024.08.06"]
[EventType "swiss (blitz)"]
[EventRounds "11"]
[EventCountry "USA"]
[SourceTitle "EXT 2025"]
[Source "ChessBase"]
[SourceDate "2024.10.14"]
[SourceVersion "1"]
[SourceVersionDate "2024.10.14"]
[SourceQuality "1"]

1. d4 e6 2. c4 d5 3. Nf3 c5 4. cxd5 exd5 5. g3 Nc6 6. Bg2 Nf6 7. 0-0 Be7 8. Nc3 0-0 9. dxc5 Bxc5 10. Bg5 d4 11. Bxf6 Qxf6 12. Nd5 Qd8 13. Nd2 Re8 14. Rc1 Bd6 15. Ne4 Bf5 16. Nxd6 Qxd6 17. Re1 Rad8 18. Qb3 Na5 19. Qb5 b6 20. b4 Bd7 21. Qd3 Bc6 22. bxa5 Bxd5 23. Bxd5 Qxd5 24. axb6 axb6 25. Rc4 b5 26. Rc2 Qe4 27. Rd1 h6 28. Rb2 g6 29. Qxe4 Rxe4 30. f3 Re5 31. Kf2 Rde8 32. Rxd4 Rc5 33. Rdb4 Ree5 34. f4 Red5 35. Kf3 Rc3+ 36. e3 Ra3 0-1

[Event "Titled Tuesday intern op 06th Aug Early"]
[Site "Chess.com INT"]
[Date "2024.08.06"]
[Round "2"]
[White "Egorov, Konstantin"]
[Black "Asensio Ramos, Enrique Fernando"]
[Result "0-1"]
[WhiteElo "2081"]
[BlackElo "2215"]
[PlyCount "146"]
[EventDate "2024.08.06"]
[EventType "swiss (blitz)"]
[EventRounds "11"]
[EventCountry "USA"]
[SourceTitle "EXT 2025"]
[Source "ChessBase"]
[SourceDate "2024.10.14"]
[SourceVersion "1"]
[SourceVersionDate "2024.10.14"]
[SourceQuality "1"]

1. e4 c6 2. Ne2 d5 3. e5 Bf5 4. Ng3 Bg6 5. h4 h5 6. e6 Qd6 7. exf7+ Bxf7 8. d4 Nd7 9. Nd2 0-0-0 10. Nf3 e5 11. c3 Re8 12. Be3 Ngf6 13. dxe5 Nxe5 14. Nxe5 Rxe5 15. Qd2 Ng4 16. 0-0-0 Nxe3 17. fxe3 g6 18. Kb1 Bh6 19. Ne2 Bxe3 20. Qc2 g5 21. Ka1 Bg6 22. Qa4 Re4 23. Nd4 Kb8 24. Bd3 Rxh4 25. Rxh4 gxh4 26. Nb3 Bxd3 27. Rxd3 Re8 28. a3 Bf2 29. c4 Re4 30. Qa5 Rxc4 31. Qd2 Bg3 32. Qg5 a6 33. Qxh5 Qe7 34. Qd1 Re4 35. Ka2 Re2 36. Nd4 Rf2 37. Qb3 Qf6 38. Nc2 Be5 39. Rf3 Rxf3 40. gxf3 h3 41. f4 Qxf4 42. Qxh3 Qc4+ 43. Kb1 Qe4 44. Qf1 d4 45. Qd1 d3 46. Nb4 Qd4 47. Nxd3 Bf6 48. Qc2 Ka8 49. Nc5 Qg1+ 50. Ka2 Qg7 51. Qb3 Ka7 52. Ne6 Qe7 53. Nf4 Bd4 54. Nd3 Qd6 55. Qc4 c5 56. b4 b5 57. Qf7+ Kb6 58. bxc5+ Bxc5 59. Nxc5 Kxc5 60. Qf2+ Qd4 61. Qf8+ Qd6 62. Qf2+ Kc6 63. Qf3+ Qd5+ 64. Qxd5+ Kxd5 65. Kb3 a5 66. Kc3 Kc5 67. Kb3 Kd4 68. Kb2 Kc4 69. Kc2 a4 70. Kb2 Kd3 71. Kb1 Kc3 72. Ka2 Kc2 73. Ka1 Kb3 0-1

[Event "Titled Tuesday intern op 06th Aug Late"]
[Site "Chess.com INT"]
[Date "2024.08.06"]
[Round "8"]
[White "Egorov, Konstantin"]
[Black "Goryachkina, Aleksandra"]
[Result "0-1"]
[WhiteElo "2081"]
[BlackElo "2545"]
[PlyCount "88"]
[EventDate "2024.08.06"]
[EventType "swiss (blitz)"]
[EventRounds "11"]
[EventCountry "USA"]
[SourceTitle "EXT 2025"]
[Source "ChessBase"]
[SourceDate "2024.10.14"]
[SourceVersion "1"]
[SourceVersionDate "2024.10.14"]
[SourceQuality "1"]

1. e4 c5 2. Nf3 e6 3. c3 d5 4. exd5 Qxd5 5. d4 Nf6 6. Be2 Nc6 7. 0-0 cxd4 8. cxd4 Be7 9. Nc3 Qd6 10. Nb5 Qd8 11. Bf4 Nd5 12. Bg3 0-0 13. Rc1 Bd7 14. Nc3 Nf6 15. d5 exd5 16. Nxd5 Nxd5 17. Qxd5 Be6 18. Qb5 Qb6 19. a3 Bf6 20. b4 Bb2 21. Rb1 Qxb5 22. Bxb5 Bxa3 23. Bxc6 bxc6 24. Nd4 c5 25. Nxe6 fxe6 26. b5 Rfd8 27. Rfe1 Kf7 28. Re3 Bb4 29. Kf1 Rd7 30. Ke2 Rad8 31. Kf3 Rb7 32. Ra1 Rdd7 33. Ra6 Rxb5 34. Raxe6 Rb6 35. R6e4 Rf6+ 36. Kg4 Rd4 37. Bh4 Rxe4+ 38. Rxe4 Re6 39. Rc4 a5 40. f4 a4 41. f5 Rd6 42. Kh3 a3 43. Re4 Rd7 44. Re2 Bc3 0-1

[Event "Titled Tuesday intern op 06th Aug Late"]
[Site "Chess.com INT"]
[Date "2024.08.06"]
[Round "3"]
[White "Gutierrez Olivares, Daniel"]
[Black "Egorov, Konstantin"]
[Result "1/2-1/2"]
[WhiteElo "2354"]
[BlackElo "2081"]
[PlyCount "112"]
[EventDate "2024.08.06"]
[EventType "swiss (blitz)"]
[EventRounds "11"]
[EventCountry "USA"]
[SourceTitle "EXT 2025"]
[Source "ChessBase"]
[SourceDate "2024.10.14"]
[SourceVersion "1"]
[SourceVersionDate "2024.10.14"]
[SourceQuality "1"]

1. Nf3 e6 2. g3 Nf6 3. Bg2 d5 4. c4 c5 5. 0-0 Nc6 6. b3 Be7 7. Bb2 0-0 8. e3 b6 9. Qe2 Bb7 10. Rd1 d4 11. d3 Nb4 12. a3 Nc6 13. exd4 Nxd4 14. Nxd4 Bxg2 15. Nxe6 fxe6 16. Qxe6+ Kh8 17. Kxg2 Qc7 18. Nd2 Qb7+ 19. Ne4 Rad8 20. f3 Rfe8 21. Ng5 h6 22. Nf7+ Kh7 23. Nxd8 Bxd8 24. Qf5+ g6 25. Qf4 Re2+ 26. Kg1 Rxb2 27. Re1 Kg7 28. Re6 Qd7 29. Qe5 Rd2 30. Rd6 Qe7 31. Re1 Rd1 32. Qxe7+ Bxe7 33. Rxd1 Bxd6 34. f4 Kf7 35. Kg2 h5 36. Kf3 Ng4 37. h3 Nh6 38. d4 cxd4 39. Rxd4 Nf5 40. Rd1 Ke6 41. g4 hxg4+ 42. hxg4 Ne7 43. b4 Nc6 44. Ke4 a5 45. f5+ gxf5+ 46. gxf5+ Ke7 47. c5 bxc5 48. Kd5 Nxb4+ 49. axb4 axb4 50. Kc6 Be5 51. Rd5 Kf6 52. Rxc5 b3 53. Rb5 b2 54. Kd5 Kxf5 55. Kc4 Ke4 56. Rxb2 Bxb2 1/2-1/2

[Event "Titled Tuesday intern op 06th Aug Late"]
[Site "Chess.com INT"]
[Date "2024.08.06"]
[Round "10"]
[White "Hua, Lefong"]
[Black "Egorov, Konstantin"]
[Result "1-0"]
[WhiteElo "2305"]
[BlackElo "2081"]
[PlyCount "95"]
[EventDate "2024.08.06"]
[EventType "swiss (blitz)"]
[EventRounds "11"]
[EventCountry "USA"]
[SourceTitle "EXT 2025"]
[Source "ChessBase"]
[SourceDate "2024.10.14"]
[SourceVersion "1"]
[SourceVersionDate "2024.10.14"]
[SourceQuality "1"]

1. d4 e6 2. c4 Nf6 3. Nc3 Bb4 4. f3 0-0 5. a3 Bxc3+ 6. bxc3 d6 7. e4 e5 8. Bd3 Nc6 9. Ne2 Na5 10. Ng3 b6 11. Be3 Ba6 12. Qe2 Qd7 13. 0-0 Qa4 14. f4 Bxc4 15. fxe5 dxe5 16. Nf5 Bxd3 17. Qxd3 Qc4 18. Qd1 Nxe4 19. Qg4 g6 20. Nh6+ Kg7 21. Qxe4 Rae8 22. Qg4 Qxc3 23. Nf5+ Kh8 24. Bh6 Rg8 25. Qh4 Re6 26. Ne7 g5 27. Bxg5 Qxd4+ 28. Qxd4 exd4 29. Nxg8 Kxg8 30. Bf6 c5 31. Rae1 Nc4 32. a4 Ne3 33. Rf3 Kf8 34. Bg5 Kg8 35. Bxe3 dxe3 36. Rfxe3 Rd6 37. Re8+ Kg7 38. R8e7 c4 39. Rxa7 Rc6 40. Rc1 c3 41. Rd7 Rc4 42. Rd3 Rxa4 43. Rdxc3 Rg4 44. Rb3 Rg6 45. Rcb1 f5 46. Rxb6 f4 47. Rxg6+ hxg6 48. Rb5 1-0

[Event "Titled Tuesday intern op 06th Aug Early"]
[Site "Chess.com INT"]
[Date "2024.08.06"]
[Round "4"]
[White "Lakshmi, Chidambaram"]
[Black "Egorov, Konstantin"]
[Result "0-1"]
[WhiteElo "1957"]
[BlackElo "2081"]
[PlyCount "68"]
[EventDate "2024.08.06"]
[EventType "swiss (blitz)"]
[EventRounds "11"]
[EventCountry "USA"]
[SourceTitle "EXT 2025"]
[Source "ChessBase"]
[SourceDate "2024.10.14"]
[SourceVersion "1"]
[SourceVersionDate "2024.10.14"]
[SourceQuality "1"]

1. e4 e6 2. d4 d5 3. Nc3 dxe4 4. Nxe4 Bd7 5. Nf3 Bc6 6. Bd3 Nd7 7. Bf4 Ngf6 8. Nfd2 Nxe4 9. Nxe4 Nf6 10. Nxf6+ Qxf6 11. Be5 Qd8 12. Qg4 f6 13. Qxe6+ Be7 14. Bc4 Rf8 15. Bg3 Qxd4 16. 0-0 Qd7 17. Qe3 Rd8 18. Rad1 Qxd1 19. Rxd1 Rxd1+ 20. Bf1 Bb5 21. h4 Rxf1+ 22. Kh2 Rd1 23. Qxa7 Bc6 24. Qb8+ Kf7 25. Qxc7 Rd7 26. Qf4 Bd6 27. Qg4 Bxg3+ 28. Qxg3 Re8 29. Qb3+ Bd5 30. Qb6 Re6 31. Qa5 Bc6 32. c4 Re2 33. b4 Rdd2 34. b5 Be8 0-1